• 首页
  • 本馆介绍
  • 公告通知
  • 最新文献
  • 馆藏检索
  • 电子资源
  • 读者导购
  • 参考咨询
  • 我的图书馆
  • 登录
  • 详细信息显示
  • 放入我的书架
  • 预约/预借图书
  • 作者相关作品
  • 分类相关作品
  • 丛书相关作品
  • 出版社相关作品

书目信息

  • 表格格式
  • 工作单格式
  • 卡片格式
题名:
如何设计调查研究
    
 
作者: 芬克 著 ;李大伟 译
分册:  
出版信息: 北京   中国劳动社会保障出版社  2004
页数: 87页
开本: 21cm
丛书名: 调研工具箱丛书
单 册:
中图分类: C3
科图分类:
主题词: 调查研究--设计 , 社会科学--研究方法
电子资源:
ISBN: 7-5045-4390-X
000 00850oam2 2200265 450
001 0900000005152
005 20051223110124.09
010    @a7-5045-4390-X@dCNY9.00
100    @a20040609d2004 ekmy0chiy0120 ea
101 1  @achi@ceng
105    @ak z 000yy
200 1  @a如何设计调查研究@9ru he she ji diao cha yan jiu@d= How to Design Survey Studies@f(美)阿琳·芬克著@F(mei)a lin·fen ke zhu@g李大伟译@zeng
210    @a北京@c中国劳动社会保障出版社@d2004
215    @a87页@d21cm
225 2  @a调研工具箱丛书@v6
305    @a本书原版英文版为第2版
461  0 @12001 @a调研工具箱丛书
510 1  @aHow to Design Survey Studies@zeng
606 0  @a调查研究@x设计
606 0  @a社会科学@x研究方法
690    @aC3@v4
701  0 @a芬克@Afen ke@4著
702  0 @a李大伟@9li da wei@4译
801  0 @aCN@bCXYBOOK@c20051223
905    @a10447@dC3@e167:6
    
    如何设计调查研究= How to Design Survey Studies/(美)阿琳·芬克著/李大伟译.-北京:中国劳动社会保障出版社,2004
    87页;21cm.-(调研工具箱丛书;6)
    
    
    ISBN 7-5045-4390-X:CNY9.00
    
●
相关链接 在E读中查询图书 在五车中查询图书 在当当中查询图书 在豆瓣中查询图书


正题名:如何设计调查研究     索取号:C3/167:6         预约/预借

序号 登录号 条形码 馆藏地/架位号 状态 备注
1 0372379   203723792   第一样本阅览室/ [索取号:C3/167:6] 在馆    
2 0372380   203723809   第一借阅区/ [索取号:C3/167:6] 在馆    
3 0372381   203723818   第一借阅区/ [索取号:C3/167:6] 在馆    
4 0372382   203723827   第一借阅区/ [索取号:C3/167:6] 在馆    
5 0372383   203723836   第一借阅区/ [索取号:C3/167:6] 在馆    
6 0372384   203723845   第一借阅区/ [索取号:C3/167:6] 在馆    
唐山师范学院图书馆 欢迎您!
大连网信软件有限公司© 版权所有